| 000 | 00000nam 22000008i 4500 |
| 001 | 9.906874 |
| 003 | CaOODSP |
| 005 | 20221220080621 |
| 006 | m o d f |
| 007 | cr ||||||||||| |
| 008 | 220113t20222022qucb o f000 0 fre d |
| 020 | |a9780660416298 |
| 040 | |aCaOODSP|bfre|erda|cCaOODSP |
| 043 | |an-cn-qu |
| 086 | 1 |aR64-105/15-2022F-PDF |
| 245 | 00|aParc National du Canada Forillon : |bplan directeur. |
| 264 | 1|a[Gatineau, QC] : |bParcs Canada = Parks Canada,|c2022. |
| 264 | 4|c©2022 |
| 300 | |a1 ressource en ligne (x, 23 pages) : |bcartes en couleur |
| 336 | |atexte|btxt|2rdacontent/fre |
| 337 | |ainformatique|bc|2rdamedia/fre |
| 338 | |aressource en ligne|bcr|2rdacarrier/fre |
| 500 | |aPublié aussi en anglais sous le titre : Forillon National Park of Canada management plan. |
| 520 | |a« Le parc national Forillon est situé à l’extrémité nord-est de la péninsule gaspésienne (carte 1). Le parc a été établi en 1970 dans le but de sauvegarder et de représenter, au sein du réseau fédéral d’aires protégées, la région naturelle terrestre des monts Notre-Dame et Mégantic ainsi que certains éléments des régions naturelles marines du chenal Laurentien et des bancs Madeleine » -- Résumé, page vii. |
| 650 | 6|aParcs nationaux|zQuébec (Province)|xGestion. |
| 651 | 0|aParc national de Forillon (Québec)|xGestion. |
| 710 | 2 |aParcs Canada, |eorganisme de publication. |
| 775 | 08|tForillon National Park of Canada management plan.|w(CaOODSP)9.906872 |
| 776 | 0#|tParc National du Canada Forillon : |w(CaOODSP)9.906875 |
| 795 | |tParc national du Canada Forillon |w(CaOODSP)9.822505 |
| 856 | 40|qPDF|s6.43 Mo|uhttps://publications.gc.ca/collections/collection_2022/pc/R64-105-15-2022-fra.pdf |